000 00692nam a22001937a 4500
005 20150604124717.0
010 _aENG-112785
020 _a9789351610465
_c395.00
035 _aEN-96317
037 _bDBAD/PUB
082 _a346.54066
100 _aKapoor, N.D.
245 _aElements of company law :
_cby N.D. Kapoor
_bfor B.com., M.com., P.C.C.,C.S.,and L.L.B. examinations incorporating the provisions of the companies (amendment) act, 2006 and companies act, 2013 /
250 _a30th ed
260 _aNew Delhi
_bSultan Chand
_c2015
270 _a23, Daryaganj,
_bNew Delhi
_e110002
300 _avarious pagings
_c25cm(pbk)
942 _2ddc
_cEN
_mKAP
_h346.54066
999 _c93154
_d93154